Wazan gahtayia Omer Brhayia (Record no. 299633)
[ view plain ]
| 000 -LEADER | |
|---|---|
| fixed length control field | 00293 a2200121 4500 |
| 001 - CONTROL NUMBER | |
| control field | 64560 |
| 082 ## - DEWEY DECIMAL CLASSIFICATION NUMBER | |
| Classification number | 613.25 AKR |
| 090 ## - LOCALLY ASSIGNED LC-TYPE CALL NUMBER (OCLC); LOCAL CALL NUMBER (RLIN) | |
| -- | 38188 |
| -- | 38188 |
| 100 ## - MAIN ENTRY--PERSONAL NAME | |
| Personal name | Muhammad Akram |
| 245 ## - TITLE STATEMENT | |
| Title | Wazan gahtayia Omer Brhayia |
| Medium | Urdu |
| 260 ## - PUBLICATION, DISTRIBUTION, ETC. | |
| Place of publication, distribution, etc. | Lahore |
| Name of publisher, distributor, etc. | Sang-e-Meel Publication |
| Date of publication, distribution, etc. | 2003 |
| 300 ## - PHYSICAL DESCRIPTION | |
| Extent | 82p. |
| 942 ## - ADDED ENTRY ELEMENTS (KOHA) | |
| Institution code [OBSOLETE] | NUST CAE |
| Call number prefix | 613.25 AKR |
| Withdrawn status | Lost status | Damaged status | Not for loan | Collection code | Permanent Location | Current Location | Date acquired | Total Checkouts | Full call number | Barcode | Date last seen | Price effective from | Koha item type |
|---|---|---|---|---|---|---|---|---|---|---|---|---|---|
| College of Aeronautical Engineering (CAE) | College of Aeronautical Engineering (CAE) | 04/03/2017 | 613.25 AKR | CAEN-4079 | 04/05/2017 | 04/05/2017 | Book |
